LEADER 01605nam a2200337 a 4500 001 000000132480 003 CaOOAMICUS 005 20130228112750.0 008 130131s2009 it u000 u ita r 040 $aPUL$bita 082 $a262.52 245 00$aPer amore del mondo :$bintroduzione a Gaudium et Spes /$cA cura di Maria Cristina Bartolomei e Marco Ronconi. 260 $aMilano :$bPeriodici San Paolo,$c©2009. 300 $a239 p. ;$c20 cm. 490 1 $aPer leggere il Vaticano II ;$v04 500 $aSupplemento a Jesus. 504 $aBibliografia: p. 238-239. 611 24$aConcilium Vaticanum$n(2 :$d1962-1965)$tGaudium et spes.$0(OLS)http://pul/subject/33809 700 1 $aBartolomei, Maria Cristina.$0(OLS)http://pul/name/15612 700 1 $aRonconi, Marco,$d1972-$0(OLS)http://pul/name/69155 830 0$aPer leggere il Vaticano II ;$v04.$0(OLS)http://pul/title/152180 850 $aPUL 852 $aPUL$W1$xSL Religione 3$y85$m262. 52 COLL 1.4$j152450$qDDC 21$B151799$CPULBib$Z2$F151799 $H121538 $82 852 $aPUL$W1$xFondo C.V.II$y119$mSTO DOC 8$j152911$qFondi$B152405$CPULBib$Z2$F152405 $HCVII 62 $82 941 1 $a9 941 1 $a1 960 $aConcilium Vaticanum$n(2 :$d1962-1965)$tConstitutio pastoralis de ecclesia in mundo huius temporis$933809 996 $6082$a262.52$9(OLS)http://pul/classification/356 996 $6245$aPer amore del mondo :$bintroduzione a Gaudium et Spes$9(OLS)http://pul/title/167376 996 $6260$aMilano :$bPeriodici San Paolo$9(OLS)http://pul/publisher/81263 LEADER 01330nam a2200289 a 4500 001 000000143359 003 CaOOAMICUS 005 20150518133919.0 008 150518s2012 it u000 u ita r 040 $aPUL$bita 082 04$a850 245 00$aCristina Campo :$bla vita dell'interiorità redenta. 260 $aPanzano in Chianti (FI) :$bEdizioni Feeria,$c©2012$a[S.l.] :$bComunità san Leolino 300 $a281 p. ;$c21 cm 490 1 $aTeorie ;$v14 500 $aIl presente volume raccoglie gli atti del quarto convegno del ciclo annuale dal titolo "Quale creatività spirituale a servizio della cultura". 504 $aBibliografia in nota. 600 14$aCampo, Cristina,$d1923-1977.$0(OLS)http://pul/subject/41732 830 0$aTeorie ;$v14.$0(OLS)http://pul/title/150464 850 $aPUL 852 $aPUL$W1$xDP2 Cons. Gen., Altre Classi 3$y97$m850 CAMCR 1$j165488$qDDC 21$B165753$CPULBib$Z2$F165753 $H125797 $82 941 1 $a9 996 $6082$a850$9(OLS)http://pul/classification/488 996 $6245$aCristina Campo :$bla vita dell'interiorità redenta$9(OLS)http://pul/title/181405 996 $6260$aPanzano in Chianti (FI) :$bEdizioni Feeria$9(OLS)http://pul/publisher/81098 996 $6260$a[S.l.] :$bComunità san Leolino$9(OLS)http://pul/publisher/83392